| 000 | 01195nam a22002777a 4500 | ||
|---|---|---|---|
| 005 | 20170124102932.0 | ||
| 010 | _aA-426112 | ||
| 020 | _c60.00 | ||
| 035 | _aA-426112 | ||
| 037 | _bCen Lib/Ret | ||
| 040 |
_aDPL _bHN |
||
| 082 |
_a821.09 _bमनोह |
||
| 100 |
_aमनोहरलाल _94570 |
||
| 245 |
_aहिमाचल प्रदेश के ब्रज कवि / _cमनोहरलाल |
||
| 246 |
_aHimachal pradeshke brij kavi _bby Manoharlal |
||
| 260 |
_aनई दिल्ली _bपुस्तकायन _c1987 |
||
| 270 |
_a2/424,A-अंसारी रोड _bनई दिल्ली _e110002 |
||
| 300 |
_a192पृष्ठ. _c20सेमी (सजिल्द ) |
||
| 500 | _aसहायक ग्रन्थ हिंदी | ||
| 650 |
_aहिंदी साहित्य _945356 |
||
| 650 |
_aआधुनिक काल -साहित्यिक ब्रजभाषा (हिमाचल प्रदेश ) _945357 |
||
| 650 |
_aHindi literature _945358 |
||
| 650 |
_aModern day -sahityik braj language(Himachal-pradesh ) _945359 |
||
| 700 | _97856 | ||
| 942 |
_2ddc _cHN _h821.08 _mमनोह |
||
| 999 |
_c111987 _d111987 |
||